| 000 | 00641nam a2200217 i 4500 | ||
|---|---|---|---|
| 001 | bg | ||
| 100 | 1 | _aMOORE, Julie. | |
| 245 | 1 | 0 |
_aCommon mistakes at proficiency ... and how to avoid them / _cJulie Moore. |
| 260 |
_aCambridge : _bCambridge University Press, _c2005. |
||
| 300 |
_a64 s. : _brys. ; _c21 cm. |
||
| 650 | 9 |
_aJęzyk angielski _xbłędy |
|
| 655 | _aPodręczniki | ||
| 020 | _a0521606837 | ||
| 040 | _cBPK | ||
| 041 | 0 | _aeng | |
| 080 | _a811.111'271(07) | ||
| 920 | _a0-521-60683-7 | ||
| 942 | _cKS | ||
| 008 | s pl f |000 0 pol | ||
| 999 |
_c46644 _d46644 |
||